Spell the Marvel Character #15 - Statistics

General Stats
  • This quiz has been taken 64 times
  • The average score is 5 of 8
Answer Stats
Picture Answer % Correct
War Machine
96%
Human Torch
92%
Invisible Woman
92%
Emma Frost
86%
Whizzer
54%
Zabu
40%
Red Dagger
36%
Zero-G
16%
No matching quizzes found
Score Distribution
Percent of People with Each Score
Percentile by Number Answered
Your Score History
You have not taken this quiz